| 000 | 01199nam a22003977a 4500 | ||
|---|---|---|---|
| 005 | 20251112102359.0 | ||
| 008 | 160113b2013 xxu||||| |||| 00| 0 spa d | ||
| 020 | _a9786077079897 | ||
| 041 | _aESP | ||
| 082 | _a658.5 R141c | ||
| 100 |
_aRagás Prat, Ignasi _9752 |
||
| 245 | _aCentros logísticos: planificación, promoción y gestión de los centros de actividades logísticas | ||
| 250 | _a2 edición | ||
| 260 | _aMéxico | ||
| 260 | _bAlfaomega | ||
| 260 | _c2014 | ||
| 300 | _a261 páginas | ||
| 490 | _aDirección y Administración de Empresas | ||
| 490 | _aSecretariado Ejecutivo | ||
| 650 | _aGERENCIA PRODUCCIÓN | ||
| 650 | _aDESARROLLO DE LA LOGÍSTICA | ||
| 650 | _aLOGÍSTICA | ||
| 650 | _aADMINISTRACIÓN DE EMPRESAS | ||
| 650 | _aCENTROS DE ACTIVIDADES LOGÍSTICOS | ||
| 650 | _aCOMERCIALIZACIÓN DE CENTROS LOGÍSTICOS | ||
| 650 | _aASPECTOS ECONOMICOS-FINANCIEROS | ||
| 650 | _aVENTAJAS Y OPORTUNIDADES PARA LAS EMPRESAS | ||
| 650 | _aRESIDUOS | ||
| 650 | _aCONTAMINACIÓN ATMOSFERICA | ||
| 650 | _aMANTENIMIENTO | ||
| 650 | _aCONSTRUCCIONES | ||
| 650 | _aUSO DE SUELOS | ||
| 650 | _aCARRETERAS | ||
| 650 | _aTELEFONÍA | ||
| 942 |
_cBK _2ddc |
||
| 999 |
_c7355 _d7355 |
||